000
00272nam a22001217a 4500
008
171010b xxu||||| |||| 00| 0 eng d
041
_a
eng
080
_a
316
100
_a
50
101
_a
soc
245
_a
1 HUMANITURY IN PERSPECTIVE
_c
LEWIN.R..E
942
_2
udc
_c
BK
999
_c
32995
_d
32995